000 00605nam a2200229Ia 4500
003 OSt
005 20221007063453.0
006 a|||||r|||| 00| 0
007 ta
008 221006b |||||||| |||| 00| 0 eng d
024 _a28,065
037 _cTextual
040 _aFLL
_cFLL
_beng
041 _2eng
_aeng
082 _aZ73:32, J4
100 _aFerson Merton
_9684325
245 0 _aPrinciples of agency
260 _aBrooklyn
_bThe Foundation Press, Inc. Brooklyn
_c1954
300 _axx,490p
_ccm.
942 _hZ73:32, J4
_cTEXL
_2CC
999 _c1131322
_d1131322